Central Library OPAC University of Rajshahi

Electromagnetic theory / (Record no. 71899)

MARC details
000 -LEADER
fixed length control field 00860nam a2200253 a 4500
001 - CONTROL NUMBER
control field 71899
003 - CONTROL NUMBER IDENTIFIER
rucl marc code BD-RjUL
005 - DATE AND TIME OF LATEST TRANSACTION
control field 20211209082159.0
008 - FIXED-LENGTH DATA ELEMENTS--GENERAL INFORMATION
fixed length control field 170509s1950 nyua|||| |||| 000 0 eng d
035 ## - SYSTEM CONTROL NUMBER
System control number (BD-RjUL)72115
040 ## - CATALOGING SOURCE
Original cataloging agency BD-RjUL
Language of cataloging eng
Transcribing agency BD-RjUL
Modifying agency BD-RjUL
041 ## - LANGUAGE CODE
Language code of text/sound track or separate title eng
082 ## - DEWEY DECIMAL CLASSIFICATION NUMBER
Edition number 23
Classification number 530.141
Author mark and year ELE 1950
245 10 - TITLE STATEMENT
Title Electromagnetic theory /
Statement of responsibility, etc. Abraham Haskel Taub; Eric Reissner; Ruel Vance Churchill
260 ## - PUBLICATION, DISTRIBUTION, ETC. (IMPRINT)
Place of publication, distribution, etc. New York :
Name of publisher, distributor, etc. American Mathematical Society,
Date of publication, distribution, etc. 1950
300 ## - PHYSICAL DESCRIPTION
Pagination 91 p. :
Illustrations ill. ;
Size 35 cm.
490 ## - SERIES STATEMENT
Series statement Proceedings of symposia in applied mathematics ;
Volume/sequential designation 2
650 ## - SUBJECT ADDED ENTRY--TOPICAL TERM
Topical term or geographic name as entry element Electromagnetic theory
9 (RLIN) 117647
700 ## - ADDED ENTRY--PERSONAL NAME
Personal name Taub,Abraham Haskel
Personal name Reissner, Eric
Personal name Churchill, Ruel Vance
830 ## - SERIES ADDED ENTRY--UNIFORM TITLE
Uniform title Proceedings of symposia in applied mathematics
Volume number/sequential designation 2
942 ## - ADDED ENTRY ELEMENTS (KOHA)
Source of classification or shelving scheme Dewey Decimal Classification
Koha item type Books
Holdings
Lost status Source of classification or shelving scheme Damaged status Not for loan Collection code Permanent Location Current Location Shelving location Date acquired Source of acquisition Cost, normal purchase price Total Checkouts Full call number Date last seen Copy number Koha item type
  Dewey Decimal Classification   Not For Loan Non-fiction Central Library, University of Rajshahi Central Library, University of Rajshahi Reading Room 09/03/1963 Zeithinger 45.00   530.141 ELE 1950 09/05/2017 C-1 Books